000 00974cab a2200301 4500
001 ABS56439
008 090401t1997 xxu||||| |||| 00| 0 eng d
035 _a(Sirsi) u23601
041 _aeng
100 _aOxley, R.
245 _aThinking of surveying an historic building?
260 _c1997
350 _a0
490 _aCSM (Chartered Surveyor Monthly)
_v6(4) January 1997, 41(1)
520 _aTwo negligence cases illustrate how a surveyor must have an appreciation of the type and nature of defects an historic building is likely to suffer.
650 _aALEXANDER COLLECTIONS LTD V MARTIN AND LACEY
650 _aBUILDING DEFECTS
650 _aBUILDING SURVEYS
650 _aDEATH WATCH BEETLE
650 _aHISTORIC BUILDINGS
650 _aNEGLIGENCE
650 _aOSWALD V COUNTRYWIDE SURVEYORS LTD
650 _aSURVEYORS
650 _aTIMBER DECAY
690 _aBUILT ENVIRONMENT-BUILDING INSPECTION
942 _n0
948 _c04/03/1997
999 _c15788
_d15788